Pio X / (Record no. 142668)

MARC details
000 -LEADER
campo de control de longitud fija 00594nam a2200193 i 4500
001 - NÚMERO DE CONTROL
campo de control 142668
003 - IDENTIFICADOR DE NÚMERO DE CONTROL
campo de control ES-MaACL
007 - CAMPO FIJO DE DESCRIPCIÓN FÍSICA--INFORMACIÓN GENERAL
campo de control de longitud fija t|
008 - DATOS DE LONGITUD FIJA--INFORMACIÓN GENERAL
campo de control de longitud fija 071009s1954 sp ||||1| spa d
100 1# - ENTRADA PRINCIPAL--NOMBRE DE PERSONA
Nombre de persona Vian, Nello.
9 (RLIN) 114277
245 10 - MENCIÓN DEL TÍTULO
Título Pio X /
Mención de responsabilidad, etc. texto Nello Vian ; pórtico y versión Andrés E. de Mañaricúa.
260 ## - PUBLICACIÓN, DISTRIBUCIÓN, ETC.
Lugar de publicación, distribución, etc. Bilbao :
Nombre del editor, distribuidor, etc. Descleé de Brouwer,
Fecha de publicación, distribución, etc. 1954.
300 ## - DESCRIPCIÓN FÍSICA
Extensión 251 p., 146 lám. :
Otras características físicas il. ;
Dimensiones 25 cm.
600 04 - PUNTO DE ACCESO ADICIONAL DE MATERIA--NOMBRE DE PERSONA
9 (RLIN) 239958
Nombre de persona Pío
Numeración X,
Títulos y otros términos asociados al nombre Papa, Santo
700 1# - ENTRADA AGREGADA--NOMBRE PERSONAL
Nombre de persona Mañaricua, Andrés E. de.
9 (RLIN) 213056
852 ## - LOCALIZACIÓN
Ubicación ES-MaACL
Número de control de estantería C-8343
Sublocalización o colección R.36651
942 ## - ELEMENTOS DE ENTRADA SECUNDARIOS (KOHA)
Fuente del sistema de clasificación o colocación Clasificación decimal universal
Holdings
Estatus retirado Estado de pérdida Estado de daño No para préstamo Biblioteca de origen Biblioteca actual Ubicación en estantería Fecha de adquisición Fuente de adquisición Total de préstamos Signatura topográfica completa Código de barras Visto por última vez Precio de reemplazo Tipo de ítem Koha
        Biblioteca del Ateneo de Madrid Biblioteca del Ateneo de Madrid Sala Palomar 17/01/2008     C-8343 1148444 23/02/2023 23/02/2023 Libro impreso